| 000 | 00987nam2a2200241 4500 | ||
|---|---|---|---|
| 001 | rc\2899424 | ||
| 005 | 20110729165847.0 | ||
| 035 | _a(NLR Aleph) 007050833 | ||
| 090 |
_a13590704 _c13590704 |
||
| 100 | _a20110729d1931 |||y0rusy50 ca | ||
| 101 | 0 | _arus | |
| 102 | _aRU | ||
| 105 | _aac z ||||| | ||
| 200 | 0 |
_aТ. 2 _fПод ред. и с прим. И.А. Теодоровича |
|
| 210 | _d1931 | ||
| 215 |
_a370, [2] с., 5 вкл. л. ил. и портр. _cил., портр. |
||
| 461 | 0 |
_1001rc\2899422 _12000#$aСобрание сочинений$eВ 2 томах. Т. I-$fМ.Ф. Фроленко$gВсесоюзн. о-во полит. каторжан и ссыльнопоселенцев$vТ. 2 _1700#1$aФроленко$bМ.Ф.$gМихаил Федорович$f1848-1938 |
|
| 702 | 1 |
_aТеодорович _bИ. А. _gИван Адольфович _4340 |
|
| 801 | 0 |
_aRU _bNLR _gpsbo |
|
| 801 | 1 |
_aRU _bELAR _2rusmarc |
|
| 852 |
_aNLR _j30.16/34(2) |
||
| 942 | _cBOOK | ||
| 980 | _aNB | ||